| 000 -ლიდერი |
| ფიქსირებული სიგრძის საკონტროლო ველი |
01250nam a2200253Ia 4500 |
| 001 - საკონტროლო ნომერი |
| საკონტროლო ველი |
4651 |
| 003 - საკონტროლო ნომრის იდენტიფიკატორი |
| საკონტროლო ველი |
GE_BSU |
| 005 - ბოლო ოპერაციის თარიღი და დრო |
| საკონტროლო ველი |
20190510184301.0 |
| 008 - ფიქსირებული სიგრძის მონაცემთა ელემენტები - ზოგადი ინფორმაცია |
| ფიქსირებული სიგრძის საკონტროლო ველი |
181216s2003||||ge |||||||||||||| ||geo|| |
| 020 ## - წიგნის საერთაშორისო სტანდარტული ნომერი |
| International Standard Book Number |
9994073567 |
| 040 ## - კატალოგიზაციის წყარო |
| Transcribing agency |
GE_BSU |
| 041 ## - ენის კოდი |
| Language code of text/sound track or separate title |
geo |
| 080 ## - უნივერსალური ათობითი კლასიფიკაციის ინდექსი |
| Universal Decimal Classification number |
324 მ–42 |
| 100 ## - მთავარი ჩანაწერი - პიროვნების სახელი |
| Personal name |
მაცაბერიძე,მალხაზ |
| 9 (RLIN) |
1001 |
| 245 ## - ცნობა სათაურის შესახებ |
| Title |
არჩევნები და საზოგადოება / |
| Statement of responsibility, etc |
მალხაზ მაცაბერიძე ; სერიის მთ. რედ : მარინე ჩიტაშვილი ; რედ : ლია კაჭარავა |
| 264 ## - წარმოების, გამოცემის, დისტრიბუციის და სხვა ცნობები |
| გამოცემის, წარმოების, დისტრიბუციის... ადგილი |
თბილისი .: |
| გამოცემის, წარმოების, დისტრიბუციის... სახელწოდება |
მეცნიერება, |
| გამოცემის, წარმოების, დისტრიბუციის... თარიღი |
2003. |
| 300 ## - ფიზიკური აღწერა |
| Extent |
488გვ .; |
| Dimensions |
21სმ. |
| 440 ## - სერიის ცნობა / დამატებულია ჩანაწერი - სათაური |
| Title |
სოციალურ მეცნიერებათაა სერია |
| 9 (RLIN) |
1002 |
| 653 ## - INDEX TERM--UNCONTROLLED |
| Uncontrolled term |
არჩევნები და საზოგადოება |
| 653 ## - INDEX TERM--UNCONTROLLED |
| Uncontrolled term |
საარჩევნო კამპანია |
| 700 ## - ADDED ENTRY--PERSONAL NAME |
| Personal name |
ჩიტაშვილი, მარინე |
| Relator term |
სერიის მთავარი რედაქტორი |
| 9 (RLIN) |
977 |
| 700 ## - ADDED ENTRY--PERSONAL NAME |
| Personal name |
კაჭარავა, ლია |
| Relator term |
რედაქტორი |
| 9 (RLIN) |
1003 |
| 942 ## - ADDED ENTRY ELEMENTS (KOHA) |
| Koha item type |
წიგნი |
| Source of classification or shelving scheme |
|